Регионална библиотека "Любен Каравелов" - Русе

Ми 5 [Великите шпионски истории] (Запис номер 220440)

MARC детайли
000 -Лидер
Контролно поле с фиксирана дължина 00796njm a2200301 c 4500
003 - Код на организацията, давaща контролен номер
Контролно поле BLK
005 - Дата и час на последна редакция
Контролно поле 20240530131232.0
008 - Елементи от данни с фиксирана дължина
fixed length control field 180410b bul||n||s|||||||| n|bulo|
010 ## - Наследен системен номер
LC control number CDD00002905000
040 ## - Източник на каталожния запис
Идентификатор на билиотеката - собственик на записа BLK
041 ## - Код за език
Код за езика на текст/звукозапис или на отделно заглавие Български
Код за езика КДБФ Български
139 ## - Редно поле
Редна дума Ми 5
Авторски знак Ми - М 53
245 10 - Сведения за заглавието
Заглавие Ми 5 [Великите шпионски истории]
257 ## - Страна на издаване
Страна на създаване/издаване България
260 ## - Област на издателските данни
Година на издаване 2008
300 ## - Физическа характеристика
Страници 50 мин.
Илюстрации и др. цв.
Размери/Мащаб 12 см
380 ## - Жанр
Жанр Изкуство
490 ## - СЕРИИ (Колекции)
Име на серия Великите шпионски истории
№: серия 12
590 ## - Забележки на библиотеката, притежаваща документа (RLIN)
Служебно S.N: 81813 от КНИГИ
852 ## - Местоположение
Форматна сигнатура Цб CD 4852
Част 0
856 4# - Електронен адрес и достъп
Електронен формат pdf - файл
Път до файла /url/
856 4# - Електронен адрес и достъп
Електронен формат pdf - файл
Път до файла /url/
942 ## - АРТИКУЛИ
Вид на библиотечния материал Компактдискове
Скрит в OPAC Не
Периодичен библиозапис Да
944 ## - СЪЗДАВАНЕ И РЕДАКЦИЯ на ЗАПИСА
Създаване/Редакция Създаване
Дата на регистрацията/редакция 26.02.2008
Служител, извършил регистрацията/редакцията 30570
Статус, дата на статуса Моника Янева
944 ## - СЪЗДАВАНЕ И РЕДАКЦИЯ на ЗАПИСА
Създаване/Редакция Редакция
Дата на регистрацията/редакция 26.02.2008
999 ## - СИСТЕМНИ КОНТРОЛНИ НОМЕРА
Koha biblionumber 220440
Koha biblioitemnumber 220440
999 ## - СИСТЕМНИ КОНТРОЛНИ НОМЕРА
Koha biblioitemnumber 220440
999 ## - СИСТЕМНИ КОНТРОЛНИ НОМЕРА
Koha biblioitemnumber 220440
Наличности
Код за отписване Код за изгубен артикул Източник на класификационната схема Код за повреда Коз за рестрикции Код за отдаване Артикулен № Име на библиотеката - собственик Име на библиотеката, в която се намира в момента Статус (Текущо местоположение) Дата на вписване в системата Местоположение - отдел Цена в лева Инвентарен номер Систематично азбучна сигнатура Баркод Номер на екземпляра Цена в евро Служебна бележка Служебен тип на артикула
  Не е изгубен Universal Decimal Classification Не е повреден без рестрикции заемане за дома 392163 Регионална библиотека "Любен Каравелов" Русе Регионална библиотека "Любен Каравелов" Русе Отдел Изкуство - подръчен фонд 2008-02-26 Отдел Изкуство - подръчен фонд 3.98 250000002947 791.229/М 53 250000002947 1 2.03 Дост: Pk Вид: Ф N: 152 Дата: 12.02.2008 Компактдискове
Vip Innovations Ltd, Rousse, Bulgaria 2025